<?xml version="1.0" encoding="UTF-8"?>
<record
    xmlns:xsi="http://www.w3.org/2001/XMLSchema-instance"
    xsi:schemaLocation="http://www.loc.gov/MARC21/slim http://www.loc.gov/standards/marcxml/schema/MARC21slim.xsd"
    xmlns="http://www.loc.gov/MARC21/slim">

  <leader>00735nab a2200217 uc4500</leader>
  <controlfield tag="001">794995</controlfield>
  <controlfield tag="005">20240515090734.0</controlfield>
  <controlfield tag="008">030206e20021001                    spa  </controlfield>
  <datafield tag="035" ind1=" " ind2=" ">
    <subfield code="a">794995</subfield>
  </datafield>
  <datafield tag="035" ind1=" " ind2=" ">
    <subfield code="a">(OCoLC)820007419</subfield>
  </datafield>
  <datafield tag="040" ind1=" " ind2=" ">
    <subfield code="c">comduadb</subfield>
  </datafield>
  <datafield tag="041" ind1=" " ind2=" ">
    <subfield code="a">spa</subfield>
  </datafield>
  <datafield tag="100" ind1="1" ind2="0">
    <subfield code="a">Leal, Aurora</subfield>
    <subfield code="4">aut</subfield>
    <subfield code="e">aut</subfield>
    <subfield code="9">531867</subfield>
  </datafield>
  <datafield tag="245" ind1="1" ind2="0">
    <subfield code="a">Narraciones audiovisuales y representaciones infantiles : los roles masculino y femenino</subfield>
  </datafield>
  <datafield tag="650" ind1=" " ind2=" ">
    <subfield code="a">Representaci&#xF3;n</subfield>
    <subfield code="9">175481</subfield>
  </datafield>
  <datafield tag="650" ind1=" " ind2=" ">
    <subfield code="a">Influencia de la televisi&#xF3;n</subfield>
    <subfield code="9">96349</subfield>
  </datafield>
  <datafield tag="650" ind1=" " ind2=" ">
    <subfield code="a">Televisi&#xF3;n y ni&#xF1;os</subfield>
    <subfield code="9">11149</subfield>
  </datafield>
  <datafield tag="650" ind1=" " ind2="7">
    <subfield code="a">Roles sexuales</subfield>
    <subfield code="2">lemb</subfield>
    <subfield code="9">67205</subfield>
  </datafield>
  <datafield tag="773" ind1="0" ind2=" ">
    <subfield code="t">Cultura y Educaci&#xF3;n (Madrid)</subfield>
    <subfield code="g">Volumen 14, N&#xFA;mero 03, Octubre 2002, p. 313-326</subfield>
    <subfield code="w">110719</subfield>
    <subfield code="x">1135-6405</subfield>
    <subfield code="0">88459</subfield>
  </datafield>
  <datafield tag="942" ind1=" " ind2=" ">
    <subfield code="c">ARIMP</subfield>
  </datafield>
  <datafield tag="999" ind1=" " ind2=" ">
    <subfield code="c">276510</subfield>
    <subfield code="d">276510</subfield>
  </datafield>
</record>
